<?xml version="1.0" encoding="UTF-8"?>
<record
    xmlns:xsi="http://www.w3.org/2001/XMLSchema-instance"
    xsi:schemaLocation="http://www.loc.gov/MARC21/slim http://www.loc.gov/standards/marcxml/schema/MARC21slim.xsd"
    xmlns="http://www.loc.gov/MARC21/slim">

  <leader>00838nam a22002297a 4500</leader>
  <controlfield tag="008">151019b        xxu||||| |||| 00| 0 eng d</controlfield>
  <datafield tag="020" ind1=" " ind2=" ">
    <subfield code="a">9509536016</subfield>
  </datafield>
  <datafield tag="082" ind1=" " ind2=" ">
    <subfield code="a">779.209.2</subfield>
    <subfield code="b">E393p</subfield>
  </datafield>
  <datafield tag="100" ind1=" " ind2=" ">
    <subfield code="a">Eleta, Sandra</subfield>
    <subfield code="9">3813</subfield>
  </datafield>
  <datafield tag="245" ind1=" " ind2=" ">
    <subfield code="a">Portobelo. Fotograf&#xED;a de Panam&#xE1;</subfield>
    <subfield code="c">Sandra Eleta, Mar&#xED;a Cristina Orive, Edgar Sober&#xF3;n Torch&#xED;a, Edison Simons</subfield>
  </datafield>
  <datafield tag="260" ind1=" " ind2=" ">
    <subfield code="a">Buenos Aires</subfield>
    <subfield code="b">La Azotea</subfield>
    <subfield code="c">1991</subfield>
  </datafield>
  <datafield tag="300" ind1=" " ind2=" ">
    <subfield code="a">73 p.</subfield>
    <subfield code="b">ill. </subfield>
    <subfield code="c">23 cm</subfield>
  </datafield>
  <datafield tag="440" ind1=" " ind2=" ">
    <subfield code="a">Colecci&#xF3;n del Sol</subfield>
    <subfield code="9">3814</subfield>
  </datafield>
  <datafield tag="500" ind1=" " ind2=" ">
    <subfield code="a">2&#xAA; edici&#xF3;n actualizada</subfield>
  </datafield>
  <datafield tag="650" ind1=" " ind2=" ">
    <subfield code="a">Portobelo (Panam&#xE1;)</subfield>
    <subfield code="v">Descripci&#xF3;n</subfield>
    <subfield code="x">Viaje</subfield>
    <subfield code="9">3815</subfield>
  </datafield>
  <datafield tag="650" ind1=" " ind2=" ">
    <subfield code="a">Paname&#xF1;os</subfield>
    <subfield code="v">Retratos</subfield>
    <subfield code="z">Panam&#xE1;</subfield>
    <subfield code="9">3816</subfield>
  </datafield>
  <datafield tag="650" ind1=" " ind2=" ">
    <subfield code="a">Negros</subfield>
    <subfield code="v">Retratos</subfield>
    <subfield code="z">Panam&#xE1;</subfield>
    <subfield code="9">3817</subfield>
  </datafield>
  <datafield tag="650" ind1=" " ind2=" ">
    <subfield code="a">Fotograf&#xED;a</subfield>
    <subfield code="z">Portobelo (Panam&#xE1;)</subfield>
    <subfield code="9">3818</subfield>
  </datafield>
  <datafield tag="700" ind1=" " ind2=" ">
    <subfield code="a">Orive, Mar&#xED;a Cristina</subfield>
    <subfield code="9">3819</subfield>
  </datafield>
  <datafield tag="700" ind1=" " ind2=" ">
    <subfield code="a">Sober&#xF3;n Torch&#xED;a, Edgar</subfield>
    <subfield code="9">3820</subfield>
  </datafield>
  <datafield tag="700" ind1=" " ind2=" ">
    <subfield code="a">Simons, Edison</subfield>
    <subfield code="9">3821</subfield>
  </datafield>
  <datafield tag="999" ind1=" " ind2=" ">
    <subfield code="c">759</subfield>
    <subfield code="d">759</subfield>
  </datafield>
  <datafield tag="952" ind1=" " ind2=" ">
    <subfield code="0">0</subfield>
    <subfield code="1">0</subfield>
    <subfield code="2">ddc</subfield>
    <subfield code="4">0</subfield>
    <subfield code="7">0</subfield>
    <subfield code="a">LV</subfield>
    <subfield code="b">LV</subfield>
    <subfield code="c">Monograf&#xED;as</subfield>
    <subfield code="d">2015-10-19</subfield>
    <subfield code="l">0</subfield>
    <subfield code="o">779.209.2 E393p</subfield>
    <subfield code="p">000767</subfield>
    <subfield code="r">2015-10-19 00:00:00</subfield>
    <subfield code="w">2015-10-19</subfield>
    <subfield code="y">01</subfield>
  </datafield>
</record>
